| 000 | 00904nam a2200193Ia 4500 | ||
|---|---|---|---|
| 003 | OSt | ||
| 005 | 20250409115707.0 | ||
| 008 | 210210b2006 xxu||||| |||| 00| 0 eng d | ||
| 040 | _cAL | ||
| 041 | _aKannada | ||
| 082 | _a039.4K KUVK | ||
| 100 |
_aKUVEMPU KANNADA ADHYAYANA SAMSTE MAISURU VISHVAVIDYANILAYA _9117381 _bಕುವೆಂಪು ಕನ್ನಡ ಅಧ್ಯಯನ ಸಂಸ್ಥೆ ಮೈಸೂರು ವಿಶ್ವವಿದ್ಯಾನಿಲಯ |
||
| 245 |
_aKannada vishaya vishvakosha: Karnataka (parishkrata samputa 2) Dandeli-Holi _bಕನ್ನಡ ವಿಷಯ ವಿಶ್ವಕೋಶ :ಕರ್ನಾಟಕ (ಪರಿಷ್ಕೃತ ಸಂಪುಟ ೨) ದಾಂಡೇಲಿ - ಹೋಳಿ |
||
| 260 |
_aMaisuru _bKuvempu Kannada Adyayana Samsthe, Mysore Vishvavidyanilaya., _c2006 |
||
| 300 | _a1184 | ||
| 690 |
_aEncyclopaedia _9117382 |
||
| 906 | _a063296 | ||
| 942 |
_2ddc _cBK |
||
| 999 |
_c136845 _d136845 |
||